000 00966cam a2200289 a 4500
001 198
003 BR-CuiBMT
005 20231114122915.0
008 230828s2022 mgb 000 0 por d
020 _a9786555183306
040 _aBR-CuiBMT
_cBR-CuiBMT
080 _22007
_a351.712.2.02
090 _a351.712.2.02
_bN665l
_c5. ed.
100 1 _aNiebuhr, Joel de Menezes
245 1 0 _aLicitação pública e contrato administrativo /
_cJoel de Menezes Niebuhr.
250 _a5. ed., rev. e ampl.
260 _aBelo Horizonte :
_bFórum,
_cc2022.
300 _a1247 p. ;
_c24 cm
490 1 _aColeção Fórum Menezes Niebuhr
504 _aInclui bibliografia.
590 _aA Biblioteca possui a 1. reimpr. 2023.
650 _aContrato administrativo
_xAspectos jurídicos
_zBrasil
650 _aLicitação
_xAspectos jurídicos
_zBrasil
650 _aAdministração pública
_xContratações públicas
830 0 _aFórum Menezes Niebuhr
942 _2udc
_cLV
999 _c198
_d198